भारतीय अर्थव्यवस्था (Record no. 15173)

MARC details
000 -LEADER
fixed length control field 01385nam a22002897a 4500
005 - DATE AND TIME OF LATEST TRANSACTION
control field 20080828111241.0
008 - FIXED-LENGTH DATA ELEMENTS--GENERAL INFORMATION
fixed length control field 080828t xxu||||| |||| 00| 0 hin d
010 ## - LIBRARY OF CONGRESS CONTROL NUMBER
LC control number HIN-84107
020 ## - INTERNATIONAL STANDARD BOOK NUMBER
International Standard Book Number 817288858
Terms of availability 100.00
035 ## - SYSTEM CONTROL NUMBER
System control number HN-56453
037 ## - SOURCE OF ACQUISITION
Stock number DBAD / PUB
040 ## - CATALOGING SOURCE
Original cataloging agency DPL
Language of cataloging HN
082 ## - DEWEY DECIMAL CLASSIFICATION NUMBER
Classification number 330.954
245 ## - TITLE STATEMENT
Title भारतीय अर्थव्यवस्था
246 ## - VARYING FORM OF TITLE
Title proper/short title Bhaartiya Airthavyavasthaa
260 ## - PUBLICATION, DISTRIBUTION, ETC. (IMPRINT)
Place of publication, distribution, etc आगरा
Name of publisher, distributor, etc साहित्य भवन पब्लिकेशन्स
Date of publication, distribution, etc 2006
270 ## - ADDRESS
Address हॉस्पिटल रोड
City आगरा
Postal code 282003
Telephone number 0562 2851665, 2460905
Fax number 2851568
Electronic mail address rsvbansal@hotmail.com
300 ## - PHYSICAL DESCRIPTION
Extent F-240, ivपृ
Other physical details 25सेमी (अजिल्द)
500 ## - GENERAL NOTE
General note शाला परीक्षाओं हेतु
500 ## - GENERAL NOTE
General note वित मंत्रालय, भारत सरकार द्वारा पुरस्कृत
651 ## - SUBJECT ADDED ENTRY--GEOGRAPHIC NAME
Geographic name भारत
General subdivision आर्थिक स्थिति
651 ## - SUBJECT ADDED ENTRY--GEOGRAPHIC NAME
Geographic name भारत
General subdivision आर्थिक नीति
651 ## - SUBJECT ADDED ENTRY--GEOGRAPHIC NAME
Geographic name India
General subdivision Economic Condition
651 ## - SUBJECT ADDED ENTRY--GEOGRAPHIC NAME
Geographic name India
General subdivision Economic Policy
942 ## - ADDED ENTRY ELEMENTS (KOHA)
Source of classification or shelving scheme Dewey Decimal Classification
Koha item type Hindi Books
Classification part 330.954
Call number suffix भारती
Holdings
Withdrawn status Lost status Damaged status Not for loan Collection code Home library Current library Date acquired Source of acquisition Cost, normal purchase price Total Checkouts Full call number Barcode Date last seen Copy number Cost, replacement price Price effective from Koha item type
      Not For Loan Non-fiction D.B.Act.Division D.B.Act.Division 28/08/2008 DBAD / PUB 100.00   330.954 भारती HN-56453 15/09/2008 1 100.00 15/09/2008 Hindi Books

© Delhi Public Library
Hit Counter
free hit counter